KADMIUM IN DER LEBER DER KLEINSÄUGER

Bibliographic Details
Main Authors: Kminiak, Milan, 1937- (Author), Žemberyová, Mária, 1946- (Author)
Format: Article
Language:German

MARC

LEADER 00000nab a2200000 a 4500
001 vtls011125489
003 SK-MaSNL
005 20260303143942.0
008 230222|1994 xo |||||||||||||||||ger|
015 |a SNBRB 
035 |a (uuid)6dc33e64-a868-4a53-93ef-a95610781869 
035 |a (urnnbn)urn:nbn:sk:snk:ar-a099tu 
035 |a urn:nbn:sk:snk-aba2gv 
040 |a SNKBUCL  |b slo  |c SNKBUCL  |e AACR2 
041 0 |a ger 
044 |a xo  |c SK 
100 1 |a Kminiak, Milan,  |d 1937-  |4 aut  |9 16033 
245 1 0 |a KADMIUM IN DER LEBER DER KLEINSÄUGER  |c Milan Kminiak, Mária Žemberyová 
700 1 |a Žemberyová, Mária,  |d 1946-  |4 aut  |9 220685 
773 0 |t Acta Environmentalica Universitatis Comenianae (Bratislava)  |g Roč. 2, č. 1 (1994), s. 3-11 
958 |a OND 
958 |a EUIPO 
958 |a article13 
999 |c 1993349  |d 1995279